000
00263 a2200097 4500
001
59880
100
_a
245
_a
Built To Serve; How to Drive the Bottom Line with People-First Practices
260
_a
New Delhi
_b
Tata McGraw Hill
_c
2008
090
_c
36715
_d
36715
942
_a
NUST-CAE
_c
_c
29686
999
_c
294953
_d
294953